Statistics for British General Knowledge #2

Click here to take the quiz!

General Stats

  • This quiz has been taken 669 times
  • The average score is 12 of 20

Answer Stats

QuestionAnswer% Correct
What is the name of the busiest airport in the UK?London Heathrow
95%
What is the name of the flag of the United Kingdom?Union Flag
95%
Who is the first child of the Duke and Duchess of Cambridge?Prince George
93%
Who is the patron saint of England?St. George
93%
What is the National Anthem of the UK?God Save the Queen
91%
Which British band has sold the most albums in history?The Beatles
90%
According to legend, which king gathered his knights around a round table?King Arthur
84%
What is the tallest building in England?The Shard
79%
Name the monster found in Loch Ness.Nessie
77%
Who led the UK to victory in the Battle of Trafalgar?Horatio Nelson
74%
Name the longest running childrens programme.Blue Peter
56%
Which king was executed by Oliver Cromwell?Charles I
54%
Which county is has the nickname the Garden of England?Kent
53%
Who was the first British person to win the Tour de France general classification?Bradley Wiggins
40%
When did London first host the Olympics?1908
38%
Who created the first smallpox vaccination?Dr Edward Jenner
34%
Which county would you find the Angel of the North?Tyne and Wear
30%
Which author wrote The Cuckoo's Calling under the pseudonym Robert Galbraith?J. K. Rowling
29%
Who was the first Prime Minister of Great Britain?Robert Walpole
25%
Who is the Incumbent Archbishop of Canterbury?Justin Welby
11%

Score Distribution

Percentile by Number Answered

Percent of People with Each Score

Your Score History

You have not taken this quiz